Quiz Musées - Statistiques

Statistiques générales
  • Ce quiz a été pris 54 fois
  • Le résultat moyen est 8 sur 16
Statistiques - réponses
Question Réponse % Correct
Dans quelle ville se situe le Metropolitan Museum of Art ? New-York
96%
Dans quelle ville d'Espagne peut-on visiter le Musée du Prado ? Madrid
87%
Au cours de son histoire, combien de fois le tableau de La Joconde a-t-il été volé au Louvre ? 1
82%
Dans quelle ville se trouve le plus célèbre des musées Harry Potter ? Londres
78%
Dans quel pays peut-on visiter le musée national Auschwitz-Birkenau ? Pologne
76%
Dans quel pays se situe le Musée Guggenheim ? Espagne
67%
Quel est le nom du célèbre musée de Londres dédié aux statues de cire ? Mrs Tussaud
64%
Quelle capitale possède un musée des égouts ? Paris
64%
Quel musée est considéré en 2026 comme le plus grand musée du monde en termes de superficie ? Le Louvre
60%
Dans quelle ville française trouve-t-on le deuxième musée du Louvre de France ? Lens
51%
Quelle frise fait partie des plus belles collections du musée de l’Acropole en Grèce ? La Frise du Parthénon
22%
Quel célèbre tableau a été victime d’un jet de soupe à la National Gallery de Londres par des activistes en 2022 ? Les Tournesols
18%
Quel artiste français a imaginé le design du musée du Louvre d’Abu Dhabi inauguré en 2017 ? Jean Nouvel
11%
Où peut-on visiter le ArtScience Museum en forme de fleur ? (ville) Singapour
9%
Quelle est la thématique du musée de Dubaï qui possède un grand anneau sur son toit ? Le Musée du Futur
4%
De quelle famille italienne le musée des Offices de Florence abrite-t-il la collection ? Famille Médicis
2%
Aucun quiz correspondant
Distribution des résultats
% des personnes avec chaque résultat
Percentile par nombre de réponses
Votre historique - résultats
Vous n’avez pas pris ce quiz